000 00645nam a2200241Ia 4500
003 OSt
005 20220916110950.0
006 a|||||r|||| 00| 0
007 ta
008 220915b |||||||| |||| 00| 0 eng d
024 _a39747
037 _cTextbook
040 _beng
_aARTS
_cARTS
041 _aeng
082 _aO115,2M28x, 111L1
100 _aIbsen H
245 0 _aIbsen : Plays tr by James Walter McFarlane
260 _aOxford
_bOxford University Press UK
300 _axxv,317p.
_ccm.
650 _aENGLISH LITERATURE
942 _hO115,2M28x, 111L1
_cTB
_2CC
999 _c102413
_d102413